| 000 | 00528cam a2200193 4500 | ||
|---|---|---|---|
| 001 | 2857 | ||
| 003 | OCoLC | ||
| 005 | 20181127165932.0 | ||
| 008 | 050501r19921975enk 000 f eng d | ||
| 020 | _a9780330247368 | ||
| 043 | _abi----- | ||
| 100 | 1 | _aSmith, Wilbur A. | |
| 245 | 1 | 4 |
_aThe eye of the tiger / _cWilbur Smith. |
| 260 |
_aLondon : _bPan Macmillan, _c1999. |
||
| 300 |
_a390 p. ; _c18 cm. |
||
| 650 | 0 |
_aFishing boats _zIndian Ocean _vFiction. |
|
| 651 | 0 |
_aIndian Ocean _vFiction. |
|
| 655 | 7 |
_aAdventure fiction. _2gsafd. |
|
| 999 |
_c2289 _d2289 |
||